Paroles Anissa - Wejdene - Statistiques

Statistiques générales
  • Ce quiz a été pris 885 fois
  • Le résultat moyen est 226 sur 318
Statistiques - réponses
Réponse % Correct
à
98%
ma
98%
tu
98%
Tu
98%
ça
95%
de
93%
De
93%
t'à
93%
mais
91%
pas
91%
Wejdene
90%
Anissa
89%
avec
89%
et
89%
par
88%
hors
87%
moi
87%
sales
87%
T'as
87%
t'as
87%
tes
87%
vue
87%
une
85%
cousine
84%
prends
84%
caleçons
83%
c'est
83%
je
82%
Je
82%
Me
82%
me
82%
que
82%
tromper
82%
valeurs
82%
vie
82%
comme
81%
j'm'appelle
80%
Alors
79%
il
79%
mon
78%
parles
78%
frère
77%
grand
77%
n'as
77%
m'as
75%
principes
75%
appelé
74%
cru
74%
J'ai
74%
les
74%
l'heure
74%
vient
74%
deux
73%
Nous
73%
nous
73%
sur
73%
jure
72%
terminé
72%
capter
69%
j'allais
68%
j'te
68%
68%
trompée
68%
fini
67%
si
66%
t'étais
66%
autre
65%
changé
65%
t'aimes
64%
recherché
63%
m'aimes
62%
plus
62%
keufs
61%
suis
59%
eh
58%
d'numéro
55%
ah
54%
cherches
52%
d'parfum
52%
Apparemment
51%
toi
50%
chose
39%
construire
39%
quelque
39%
J'étais
38%
déterminée
36%
bon
34%
j'vais
31%
maintenant
27%
peux
27%
pour
27%
toute
27%
oublier
26%
clés
24%
façon
23%
mes
22%
n'oublie
21%
ramener
21%
t'bloquer
21%
bijoux
19%
pouvais
19%
cadeaux
18%
dead
18%
pis
17%
tant
17%
rends
15%
aidée
14%
ben
11%
Aucun quiz correspondant
Distribution des résultats
% des personnes avec chaque résultat
Percentile par nombre de réponses
Votre historique - résultats
Vous n’avez pas pris ce quiz